[Event "Mercredi 2018.04.04 ABCD"]
[Site "Montreal CAN"]
[Date "2018.04.04"]
[Round "1"]
[White "O'Connor, Michael"]
[Black "O'Neill, Brendon"]
[Result "0-1"]
[WhiteElo "1818"]
[BlackElo "1744"]
[PlyCount "104"]
[EventDate "2018.04.04"]
[EventType "tourn"]
[EventRounds "5"]
[EventCountry "CAN"]

1. d4 Nf6 2. c4 g6 3. Nc3 Bg7 4. e4 d6 5. Nf3 O-O 6. Be2 Na6 7. O-O c5 8. d5
Bg4 9. Ne1 Bd7 10. f4 Qc8 11. Nd3 Nb4 12. e5 Nxd3 13. Qxd3 Bf5 14. Qg3 Nd7 15.
exd6 exd6 16. Nb5 Qb8 17. Bd3 Bxd3 18. Qxd3 a6 19. Nc3 f5 20. Bd2 Nf6 21. Rfe1
Ng4 22. h3 Bd4+ 23. Kf1 Nf2 24. Qf3 b5 25. cxb5 axb5 26. Re2 b4 27. Nd1 Nxd1
28. Rxd1 Rxa2 29. Bc1 Qb5 30. Qb3 Re8 31. Rde1 Ra7 32. g3 Rae7 33. Qc2 b3 34.
Qd1 Qc4 35. g4 Rxe2 36. Rxe2 Rxe2 37. Qxe2 Qxc1+ 38. Kg2 Qg1+ 39. Kf3 Qh1+ 40.
Kg3 Qxd5 41. Qe8+ Kg7 42. gxf5 Qxf5 43. Qb8 Qd3+ 44. Kg2 Qe2+ 45. Kg3 Bf2+ 46.
Kh2 Be1+ 47. Kh1 Qf3+ 48. Kg1 Qg3+ 49. Kh1 Qxh3+ 50. Kg1 Qe3+ 51. Kh2 Bg3+ 52.
Kh3 Bxf4+ 0-1

[Event "Mercredi 2018.04.04 ABCD"]
[Site "Montreal CAN"]
[Date "2018.04.04"]
[Round "1"]
[White "Pomerantz, Daniel"]
[Black "Beaulieu, Pierre"]
[Result "1-0"]
[WhiteElo "2024"]
[BlackElo "1881"]
[PlyCount "51"]
[EventDate "2018.04.04"]
[EventType "tourn"]
[EventRounds "5"]
[EventCountry "CAN"]

1. e4 g6 2. d4 Bg7 3. Nf3 d6 4. Nc3 Bg4 5. Be3 c6 6. h3 Bxf3 7. Qxf3 Nd7 8. Bc4
Ngf6 9. g4 O-O 10. h4 Nb6 11. Be2 d5 12. e5 Ne4 13. Nxe4 dxe4 14. Qxe4 Nd5 15.
h5 e6 16. O-O-O Nxe3 17. Qxe3 Qa5 18. Kb1 Rfd8 19. f4 c5 20. hxg6 hxg6 21. d5
exd5 22. f5 d4 23. Qf4 f6 24. Bc4+ Kf8 25. exf6 Bxf6 26. fxg6 1-0

[Event "Mercredi 2018.04.04 ABCD"]
[Site "Montreal CAN"]
[Date "2018.04.04"]
[Round "1"]
[White "Tremblay, Alain"]
[Black "Tomb, Maroun"]
[Result "0-1"]
[WhiteElo "2091"]
[BlackElo "2249"]
[PlyCount "100"]
[EventDate "2018.04.04"]
[EventType "tourn"]
[EventRounds "5"]
[EventCountry "CAN"]

1. Nf3 Nf6 2. c4 d6 3. Nc3 e5 4. g3 g6 5. Bg2 Bg7 6. O-O O-O 7. d3 Nc6 8. Rb1
a5 9. a3 h6 10. b4 axb4 11. axb4 Be6 12. b5 Nd4 13. Nxd4 exd4 14. Nd5 Nd7 15.
b6 c6 16. Nc7 Rb8 17. e3 Kh7 18. Nxe6 fxe6 19. Qg4 Ne5 20. Qxe6 Re8 21. Qh3
Nxd3 22. Bd2 Ne5 23. Rfc1 Qf6 24. exd4 Nd3 25. Rf1 Qxd4 26. Rbd1 Qxc4 27. Be3
d5 28. Qd7 Ne5 29. Qd6 Rbd8 30. Qa3 d4 31. Bf4 Ra8 32. Qd6 Rad8 33. Qa3 Ra8 34.
Qd6 Red8 35. Qe7 Rd7 36. Qh4 d3 37. Rfe1 Ra5 38. Be4 Qxe4 39. Rxe4 Nf3+ 40. Kg2
Nxh4+ 41. gxh4 Rb5 42. Be3 Bf6 43. Kg3 Bd8 44. Rd4 Rxd4 45. Bxd4 Rd5 46. Be3 c5
47. Kf3 c4 48. Ke4 Rd6 49. Bc5 Rd7 50. Be3 Bxh4 0-1

[Event "Mercredi 2018.04.04 ABCD"]
[Site "Montreal CAN"]
[Date "2018.04.11"]
[Round "2"]
[White "Abdelaal, Ibrahim"]
[Black "Baran, Marius"]
[Result "1-0"]
[WhiteElo "1829"]
[BlackElo "1851"]
[PlyCount "53"]
[EventDate "2018.04.04"]
[EventType "tourn"]
[EventRounds "5"]
[EventCountry "CAN"]

1. e4 c5 2. Nf3 e6 3. b4 cxb4 4. d4 d5 5. e5 Nc6 6. Bd3 Nge7 7. Bg5 Qb6 8. O-O
Ng6 9. h4 Be7 10. h5 Nf8 11. h6 Rg8 12. hxg7 Rxg7 13. Be3 Bd7 14. c4 Ng6 15.
cxd5 exd5 16. Nbd2 Bg4 17. Qb3 Be6 18. Rfc1 h5 19. Rc2 f5 20. exf6 Bxf6 21. Bh6
Kf7 22. Bxg7 Kxg7 23. Bxg6 Kxg6 24. Re1 Nxd4 25. Nxd4 Bxd4 26. Qg3+ Kh7 27.
Qc7+ 1-0

[Event "Mercredi 2018.04.04 ABCD"]
[Site "Montreal CAN"]
[Date "2018.04.11"]
[Round "2"]
[White "Beaulieu, Pierre"]
[Black "Barko, Maxim"]
[Result "0-1"]
[WhiteElo "1881"]
[BlackElo "1949"]
[PlyCount "66"]
[EventDate "2018.04.04"]
[EventType "tourn"]
[EventRounds "5"]
[EventCountry "CAN"]

1. Nf3 c5 2. b3 Nc6 3. Bb2 d6 4. g3 e5 5. d3 g6 6. Bg2 Bg7 7. c4 Nge7 8. Nc3
O-O 9. O-O Be6 10. Qd2 h6 11. Rac1 Qd7 12. Ne1 Kh7 13. Kh1 Rad8 14. Rd1 g5 15.
f4 exf4 16. gxf4 gxf4 17. Qxf4 Ng6 18. Qd2 Bg4 19. Ne4 f5 20. Nf2 Bh5 21. Bf3
Bxf3+ 22. Nxf3 Nd4 23. Nxd4 cxd4 24. Nh3 Be5 25. Qe1 Qc6+ 26. Rf3 Bf6 27. Bc1
Ne5 28. Ng1 Rg8 29. Qf2 Rg6 30. Nh3 Rdg8 31. Nf4 Rg4 32. Nd5 Bh4 33. Qxd4 Rxd4
0-1

[Event "Mercredi 2018.04.04 ABCD"]
[Site "Montreal CAN"]
[Date "2018.04.11"]
[Round "2"]
[White "Gates, Claude-Eric"]
[Black "Jureidini, Gabriel"]
[Result "0-1"]
[WhiteElo "1749"]
[BlackElo "1764"]
[PlyCount "85"]
[EventDate "2018.04.04"]
[EventType "tourn"]
[EventRounds "5"]
[EventCountry "CAN"]

1. d4 Nf6 2. c4 d6 3. Nc3 Nbd7 4. Nf3 e5 5. e4 c6 6. Be2 Be7 7. Be3 Ng4 8. Bd2
O-O 9. Qc2 Qc7 10. O-O a5 11. a3 exd4 12. Nxd4 Nc5 13. f3 Nf6 14. b4 axb4 15.
axb4 Rxa1 16. Rxa1 Na6 17. b5 Nc5 18. Be3 Re8 19. Bf2 Bf8 20. Bf1 g6 21. Rb1
Bg7 22. Rd1 Nh5 23. Qd2 Be5 24. Nce2 Ng7 25. Nc3 Nge6 26. Nxe6 Bxe6 27. g3 Qa5
28. Be1 Ra8 29. Qe3 Qa3 30. f4 Bxc3 31. Bxc3 Nxe4 32. Qxe4 Qxc3 33. bxc6 bxc6
34. Qxc6 Qe3+ 35. Kh1 Ra2 36. Bg2 Qe2 37. Qf3 Qxc4 38. Rxd6 h5 39. Qd1 Qc3 40.
Rd3 Ra1 41. Bf1 Qc6+ 42. Qf3 Rxf1+ 43. Kg2 0-1

[Event "Mercredi 2018.04.04 ABCD"]
[Site "Montreal CAN"]
[Date "2018.04.11"]
[Round "2"]
[White "Guipi Bopala, Prince Eric jr"]
[Black "Nesterov, Timour"]
[Result "1-0"]
[WhiteElo "1857"]
[BlackElo "1857"]
[PlyCount "81"]
[EventDate "2018.04.04"]
[EventType "tourn"]
[EventRounds "5"]
[EventCountry "CAN"]

1. d4 e6 2. Bf4 f5 3. e3 Nf6 4. Be2 Be7 5. Bh5+ Nxh5 6. Qxh5+ g6 7. Qd1 Bf6 8.
Nf3 d6 9. O-O Nd7 10. c4 b6 11. Nc3 Bb7 12. Re1 O-O 13. Bg3 g5 14. h3 Kh8 15.
Rb1 Rg8 16. b4 g4 17. hxg4 Rxg4 18. Rc1 h5 19. Nh2 Rg5 20. e4 Qg8 21. Nf3 Rg7
22. e5 dxe5 23. Nxe5 Nxe5 24. dxe5 Bg5 25. Rc2 h4 26. Bh2 Bd2 27. Qxd2 Bxg2 28.
Qh6+ Rh7 29. Qf6+ Rg7 30. Qxh4+ Rh7 31. Qf6+ Rg7 32. Bg3 Rf8 33. Qh6+ Rh7 34.
Qf4 Bb7 35. Kf1 Qg6 36. Ne2 Rg8 37. Ng1 Rd8 38. Rd2 Rhd7 39. Rde2 Qf7 40. Qh4+
Kg7 41. Qg5+ 1-0

[Event "Mercredi 2018.04.04 ABCD"]
[Site "Montreal CAN"]
[Date "2018.04.11"]
[Round "2"]
[White "Jacquet, Stephane"]
[Black "Chang, Alexander RZ"]
[Result "1/2-1/2"]
[WhiteElo "1932"]
[BlackElo "1961"]
[PlyCount "77"]
[EventDate "2018.04.04"]
[EventType "tourn"]
[EventRounds "5"]
[EventCountry "CAN"]

1. d4 d5 2. Nc3 Nf6 3. Bg5 e6 4. e4 dxe4 5. Nxe4 Be7 6. Bxf6 Bxf6 7. Nf3 O-O 8.
Be2 b6 9. O-O Bb7 10. Nxf6+ Qxf6 11. Ne5 Rd8 12. Bf3 Bxf3 13. Qxf3 Qxf3 14.
Nxf3 Nc6 15. c3 Ne7 16. Rfd1 c5 17. dxc5 bxc5 18. Kf1 Nd5 19. g3 f6 20. Nd2
Rab8 21. Nc4 Kf7 22. Rd2 Nb6 23. Rxd8 Rxd8 24. Nxb6 axb6 25. Ke2 e5 26. a4 c4
27. a5 b5 28. a6 Ra8 29. a7 Ke6 30. Ra6+ Kd5 31. Rb6 Rxa7 32. Rxb5+ Kc6 33. Rb4
Kc5 34. h4 g6 35. Rb8 f5 36. Ke3 Ra6 37. Rc8+ Rc6 38. Re8 Kd5 39. Rd8+ 1/2-1/2

[Event "Mercredi 2018.04.04 ABCD"]
[Site "Montreal CAN"]
[Date "2018.04.11"]
[Round "2"]
[White "O'Connor, Michael"]
[Black "Nardone, Raul"]
[Result "0-1"]
[WhiteElo "1818"]
[BlackElo "1807"]
[PlyCount "72"]
[EventDate "2018.04.04"]
[EventType "tourn"]
[EventRounds "5"]
[EventCountry "CAN"]

1. d4 Nf6 2. c4 g6 3. Nc3 Bg7 4. e4 d6 5. Nf3 O-O 6. Be2 e5 7. Be3 Nc6 8. d5
Ne7 9. Nd2 c6 10. O-O b5 11. dxc6 bxc4 12. Bxc4 Nxc6 13. f3 h6 14. Nb3 Be6 15.
Nd5 Nh5 16. Qd2 Kh7 17. g4 Nf4 18. Rfd1 g5 19. Rac1 h5 20. Bf1 Bxd5 21. Bxf4
Bxb3 22. Rxc6 Bxd1 23. Rxd6 gxf4 24. Rxd8 Rfxd8 25. Qg2 Rac8 26. Qh3 Rc1 27.
gxh5 Be2 28. Qf5+ Kg8 29. Qg5 Rxf1+ 30. Kg2 Rdd1 31. Qe7 Bxf3+ 32. Kh3 Bxe4 33.
Qe8+ Kh7 34. Qxf7 Rf3+ 35. Kh4 Rh1 36. Kg5 Rxh2 0-1

[Event "Mercredi 2018.04.04 ABCD"]
[Site "Montreal CAN"]
[Date "2018.04.11"]
[Round "2"]
[White "O'Neill, Brendon"]
[Black "Jean, Robert"]
[Result "1-0"]
[WhiteElo "1744"]
[BlackElo "1763"]
[PlyCount "75"]
[EventDate "2018.04.04"]
[EventType "tourn"]
[EventRounds "5"]
[EventCountry "CAN"]

1. e4 c5 2. Nf3 Nc6 3. Bb5 d6 4. O-O e5 5. c3 Bd7 6. d4 Qc7 7. Be3 Nf6 8. Nbd2
a6 9. Bd3 b5 10. d5 Ne7 11. a4 Rb8 12. axb5 axb5 13. b4 c4 14. Bc2 Nc8 15. Qe2
Be7 16. Ra6 O-O 17. Rfa1 Ng4 18. Nf1 Nxe3 19. Qxe3 Nb6 20. Ng3 f5 21. exf5 Nxd5
22. Qd2 Nf4 23. Be4 Kh8 24. Ra7 Qc8 25. Ne1 Re8 26. R7a6 Qc7 27. Nc2 Bc8 28.
Ra7 Qb6 29. Ne3 Bb7 30. Nd5 Bxd5 31. Bxd5 Bg5 32. Qd1 Nd3 33. Qf3 Nxf2 34. Kf1
Nd3 35. Ne4 h6 36. Nxg5 Nf4 37. Nf7+ Kh7 38. R1a6 1-0

[Event "Mercredi 2018.04.04 ABCD"]
[Site "Montreal CAN"]
[Date "2018.04.11"]
[Round "2"]
[White "Pomerantz, Daniel"]
[Black "Nunez, Omar"]
[Result "1/2-1/2"]
[WhiteElo "2024"]
[BlackElo "1979"]
[PlyCount "48"]
[EventDate "2018.04.04"]
[EventType "tourn"]
[EventRounds "5"]
[EventCountry "CAN"]

1. e4 d5 2. exd5 Qxd5 3. Nc3 Qa5 4. d4 Nf6 5. Nf3 Nc6 6. Bb5 Ne4 7. Bxc6+ bxc6
8. Bd2 Nxd2 9. Qxd2 Ba6 10. Ne5 e6 11. Qf4 f6 12. Nxc6 Qb6 13. Qe4 Kf7 14. d5
e5 15. O-O-O Bd6 16. f4 exf4 17. Qe6+ Kg6 18. Ne4 Bc8 19. Ne7+ Bxe7 20. Qxe7
Bf5 21. Nc3 Rhe8 22. Qa3 Qf2 23. Rd2 Qe3 24. Qa4 Kf7 1/2-1/2

[Event "Mercredi 2018.04.04 ABCD"]
[Site "Montreal CAN"]
[Date "2018.04.11"]
[Round "2"]
[White "Zheng, Richard"]
[Black "Lopez Linares, Lizandro"]
[Result "0-1"]
[WhiteElo "2094"]
[BlackElo "2251"]
[PlyCount "98"]
[EventDate "2018.04.04"]
[EventType "tourn"]
[EventRounds "5"]
[EventCountry "CAN"]

1. d4 d5 2. c4 c6 3. Nf3 Nf6 4. Nc3 dxc4 5. a4 Bf5 6. e3 e6 7. Bxc4 Bb4 8. Qe2
O-O 9. O-O Bg4 10. h3 Bxf3 11. Qxf3 Nbd7 12. Rd1 Qe7 13. e4 e5 14. d5 Rac8 15.
Bg5 Bxc3 16. d6 Qd8 17. bxc3 Qa5 18. Bb3 h6 19. Bxf6 Nxf6 20. Rd3 Rcd8 21. Qf5
Rd7 22. Rad1 Rfd8 23. Rg3 Kf8 24. Rdd3 Rxd6 25. Rxd6 Rxd6 26. Qc8+ Ne8 27. Qxb7
Qc7 28. Qa6 Nf6 29. Qc4 Qd7 30. Re3 g5 31. Rf3 Kg7 32. Rf5 Re6 33. Qc5 Nxe4 34.
Qe3 Rf6 35. Rxf6 Nxf6 36. Qxe5 Qb7 37. Bc2 Qb2 38. Bf5 Qa1+ 39. Kh2 Qxa4 40. g3
Qc4 41. Bc2 Qd5 42. Qe3 a5 43. f4 g4 44. Qd4 Qa2 45. Qd3 a4 46. Qf5 a3 47. hxg4
Qd5 48. Bb1 Qxf5 49. gxf5 Nd5 0-1

[Event "Mercredi 2018.04.04 ABCD"]
[Site "Montreal CAN"]
[Date "2018.05.01"]
[Round "2"]
[White "Zumsteg, Nicolas"]
[Black "Charette, Nicolas"]
[Result "0-1"]
[WhiteElo "1828"]
[BlackElo "1833"]
[PlyCount "108"]
[EventDate "2018.04.04"]
[EventType "tourn"]
[EventRounds "5"]
[EventCountry "CAN"]

1. e4 e5 2. Nf3 Nc6 3. Bc4 Nf6 4. Ng5 d5 5. exd5 Na5 6. Bb5+ c6 7. dxc6 bxc6 8.
Bd3 Ng4 9. Ne4 f5 10. Be2 Nh6 11. Ng3 Bc5 12. d3 Ng4 13. Bxg4 fxg4 14. Ne4 Bb6
15. O-O O-O 16. Nbc3 Nb7 17. Bg5 Qe8 18. Bh4 Bf5 19. Bg3 h5 20. Qd2 Bd8 21. f4
h4 22. Bf2 Bxe4 23. Nxe4 exf4 24. Rae1 Qh5 25. Qc3 g3 26. Qb3+ Kh8 27. Qxb7
gxf2+ 28. Nxf2 Bf6 29. Qxc6 Rac8 30. Qa4 Bxb2 31. Re4 g5 32. h3 f3 33. Rg4 fxg2
34. Kxg2 Be5 35. Ne4 Rxf1 36. Kxf1 Rf8+ 37. Ke1 Qf7 38. Rg1 Bc3+ 39. Nxc3 Qf2+
40. Kd1 Qxg1+ 41. Kd2 Qf2+ 42. Ne2 Kg7 43. Qg4 Qc5 44. d4 Qa5+ 45. Kd3 Qf5+ 46.
Qxf5 Rxf5 47. Ke4 Ra5 48. d5 Rxa2 49. Nd4 Ra4 50. Ke5 Rxd4 51. Kxd4 g4 52. hxg4
h3 53. Kc5 h2 54. d6 h1=Q 0-1

[Event "Mercredi 2018.04.04 ABCD"]
[Site "Montreal CAN"]
[Date "2018.04.18"]
[Round "3"]
[White "Baran, Marius"]
[Black "Guipi Bopala, Prince Eric jr"]
[Result "0-1"]
[WhiteElo "1851"]
[BlackElo "1857"]
[PlyCount "74"]
[EventDate "2018.04.04"]
[EventType "tourn"]
[EventRounds "5"]
[EventCountry "CAN"]

1. e4 e5 2. Nf3 Nc6 3. d4 exd4 4. Bc4 Nf6 5. e5 d5 6. Bb5 Ne4 7. Nxd4 Bd7 8.
Bxc6 bxc6 9. Be3 Be7 10. Nd2 Nxd2 11. Qxd2 c5 12. Nf3 c6 13. c3 O-O 14. O-O Re8
15. h3 Qc7 16. Rfe1 Rad8 17. Qc2 Qc8 18. Qa4 Qb7 19. b3 Bf5 20. Qf4 Be4 21.
Rad1 Bxf3 22. Qxf3 Rd7 23. Qg3 Bf8 24. f4 Qa6 25. f5 Qxa2 26. f6 g6 27. Qf2
Qxf2+ 28. Bxf2 Rb7 29. Rb1 Reb8 30. e6 fxe6 31. Rxe6 Rxb3 32. Rxb3 Rxb3 33. c4
dxc4 34. Rxc6 c3 35. Rxc5 c2 36. f7+ Kxf7 37. Rc7+ Kg8 0-1

[Event "Mercredi 2018.04.04 ABCD"]
[Site "Montreal CAN"]
[Date "2018.04.18"]
[Round "3"]
[White "Chang, Alexander RZ"]
[Black "Pomerantz, Daniel"]
[Result "1-0"]
[WhiteElo "1961"]
[BlackElo "2024"]
[PlyCount "83"]
[EventDate "2018.04.04"]
[EventType "tourn"]
[EventRounds "5"]
[EventCountry "CAN"]

1. e4 c5 2. Nf3 e6 3. d4 cxd4 4. Nxd4 Nc6 5. Nxc6 bxc6 6. Bd3 Nf6 7. O-O d5 8.
Nd2 Bd6 9. Re1 Qc7 10. Nf3 dxe4 11. Bxe4 Nxe4 12. Rxe4 O-O 13. b3 f5 14. Rd4
Be7 15. Bf4 Qb6 16. Bd6 Bf6 17. Bxf8 Kxf8 18. c3 Bxd4 19. Qxd4 Qxd4 20. cxd4
Ke7 21. Ne5 Bd7 22. Rc1 Kd6 23. f4 a5 24. Nc4+ Ke7 25. Kf2 Ra7 26. a4 Be8 27.
Ke3 Kf6 28. Re1 h6 29. Kd3 g5 30. g3 gxf4 31. gxf4 Rg7 32. Nxa5 Rg4 33. Ke3 Ke7
34. Nb7 Rh4 35. a5 Kd7 36. a6 Rh3+ 37. Kd2 Rxh2+ 38. Kc3 Ra2 39. Nc5+ Kc7 40.
Rxe6 Bh5 41. Re7+ Kb8 42. Na4 1-0

[Event "Mercredi 2018.04.04 ABCD"]
[Site "Montreal CAN"]
[Date "2018.04.18"]
[Round "3"]
[White "Jean, Robert"]
[Black "Gates, Claude-Eric"]
[Result "1-0"]
[WhiteElo "1763"]
[BlackElo "1749"]
[PlyCount "120"]
[EventDate "2018.04.04"]
[EventType "tourn"]
[EventRounds "5"]
[EventCountry "CAN"]

1. d4 d5 2. c4 e5 3. dxe5 d4 4. Nf3 Nc6 5. g3 Nge7 6. Bg2 Ng6 7. Bf4 Be6 8.
Nbd2 Be7 9. O-O Nxf4 10. gxf4 g5 11. fxg5 Bxg5 12. Nxg5 Qxg5 13. Nf3 Qg4 14. h3
Qg6 15. Kh2 O-O-O 16. Qa4 Rhg8 17. Rg1 Qf5 18. Qb5 Qf4+ 19. Kh1 Rxg2 20. Rxg2
d3 21. Ng1 Bxc4 22. e3 Qh4 23. Qc5 Bd5 24. f3 Nxe5 25. e4 b6 26. Qf2 Qxf2 27.
Rxf2 Bb7 28. Rd1 c5 29. b3 b5 30. Kh2 c4 31. bxc4 bxc4 32. f4 Nd7 33. e5 Nc5
34. Nf3 Ne4 35. Rff1 c3 36. Ne1 Ba6 37. Rg1 c2 38. Rc1 Bc4 39. Nxc2 dxc2 40.
Rxc2 Nd2 41. Rgc1 Rd4 42. Kg3 Kd7 43. Rxd2 Rxd2 44. Rxc4 Rxa2 45. Kg4 a5 46.
Kf5 a4 47. Kf6 Rh2 48. Rxa4 Rxh3 49. Kxf7 Rh5 50. Rd4+ Kc7 51. Kf6 Rh6+ 52. Kf5
Rh5+ 53. Kg4 Rh1 54. e6 Re1 55. f5 Re5 56. Kg5 h5 57. Kf6 Re1 58. Kf7 Re5 59.
f6 h4 60. Rxh4 Kd6 1-0

[Event "Mercredi 2018.04.04 ABCD"]
[Site "Montreal CAN"]
[Date "2018.04.18"]
[Round "3"]
[White "Jureidini, Gabriel"]
[Black "O'Connor, Michael"]
[Result "1/2-1/2"]
[WhiteElo "1764"]
[BlackElo "1818"]
[PlyCount "64"]
[EventDate "2018.04.04"]
[EventType "tourn"]
[EventRounds "5"]
[EventCountry "CAN"]

1. e4 e5 2. Nf3 Nc6 3. d3 d5 4. Nbd2 Nf6 5. Be2 Be7 6. O-O O-O 7. c3 h6 8. Qc2
Be6 9. Re1 Qd7 10. exd5 Bxd5 11. Bf1 Rfe8 12. h3 Rad8 13. Ne4 a6 14. Be3 Qf5
15. Ng3 Qh7 16. Nh4 Be6 17. Nf3 Nd5 18. Bd2 Qg6 19. h4 Nf4 20. Nxe5 Nxe5 21.
Bxf4 Nxd3 22. Bxd3 Qxd3 23. Qxd3 Rxd3 24. Re3 Rxe3 25. Bxe3 Rd8 26. Bf4 Rd3 27.
Re1 c6 28. a3 g5 29. Be5 f5 30. Re2 Kf7 31. Nh5 Bb3 32. Ng3 Be6 1/2-1/2

[Event "Mercredi 2018.04.04 ABCD"]
[Site "Montreal CAN"]
[Date "2018.04.18"]
[Round "3"]
[White "Lopez Linares, Lizandro"]
[Black "Tomb, Maroun"]
[Result "0-1"]
[WhiteElo "2251"]
[BlackElo "2249"]
[PlyCount "82"]
[EventDate "2018.04.04"]
[EventType "tourn"]
[EventRounds "5"]
[EventCountry "CAN"]

1. d4 d6 2. Nf3 Nf6 3. Bf4 Nbd7 4. e3 Nh5 5. Bd3 Nxf4 6. exf4 g6 7. Qe2 c5 8.
c3 Bg7 9. O-O O-O 10. Re1 e6 11. Nbd2 cxd4 12. cxd4 Nf6 13. g3 b6 14. Rac1 Bb7
15. Ba6 Qe7 16. Rc2 Nd5 17. a3 Rac8 18. Rec1 Rxc2 19. Rxc2 Ba8 20. Qc4 h5 21.
Rc1 h4 22. Qc2 hxg3 23. hxg3 Bf6 24. Ne4 Kg7 25. Bf1 Bb7 26. Bg2 Kg8 27. Nxf6+
Qxf6 28. Qa4 Qe7 29. Ng5 Kg7 30. Ne4 a6 31. Qb3 b5 32. a4 b4 33. Nd2 Qf6 34.
Nf3 Rh8 35. Qd3 Qd8 36. Ng5 Qa5 37. b3 Qb6 38. Ne4 Qd8 39. Ng5 Qa8 40. Qe4 Nc3
41. Nxe6+ fxe6 0-1

[Event "Mercredi 2018.04.04 ABCD"]
[Site "Montreal CAN"]
[Date "2018.04.18"]
[Round "3"]
[White "Nesterov, Timour"]
[Black "Zumsteg, Nicolas"]
[Result "1-0"]
[WhiteElo "1857"]
[BlackElo "1828"]
[PlyCount "51"]
[EventDate "2018.04.04"]
[EventType "tourn"]
[EventRounds "5"]
[EventCountry "CAN"]

1. d4 Nf6 2. Bf4 d5 3. Nf3 e6 4. e3 c5 5. c3 Nc6 6. Bd3 Ne4 7. Nbd2 f5 8. Ne5
g6 9. Ndf3 c4 10. Bc2 Bd7 11. O-O b5 12. Nxc6 Bxc6 13. Ne5 Qb6 14. f3 Nf6 15.
e4 O-O-O 16. Nf7 dxe4 17. Nxh8 exf3 18. gxf3 Qb7 19. Qe2 Bd5 20. a4 b4 21. cxb4
Bxb4 22. b3 c3 23. Bd3 Qg7 24. Ba6+ Kd7 25. Qb5+ Bc6 26. Qxb4 1-0

[Event "Mercredi 2018.04.04 ABCD"]
[Site "Montreal CAN"]
[Date "2018.04.18"]
[Round "3"]
[White "Nunez, Omar"]
[Black "Beaulieu, Pierre"]
[Result "0-1"]
[WhiteElo "1979"]
[BlackElo "1881"]
[PlyCount "64"]
[EventDate "2018.04.04"]
[EventType "tourn"]
[EventRounds "5"]
[EventCountry "CAN"]

1. f4 b6 2. Nf3 Bb7 3. g3 e6 4. Bg2 Be7 5. O-O Nf6 6. d3 d6 7. e4 Nbd7 8. Nc3
O-O 9. Qe1 c5 10. Bh3 Ne8 11. g4 Nc7 12. Ne2 c4 13. Ng3 cxd3 14. cxd3 Ba6 15.
Qe2 Nc5 16. Rd1 d5 17. e5 Qd7 18. Be3 Qa4 19. b3 Qb5 20. Bf1 Rac8 21. Qf2 Qd7
22. Rac1 Nb7 23. Bd4 Nb5 24. Bb2 d4 25. Ne4 Rxc1 26. Rxc1 Rd8 27. a4 Nc3 28.
Nfd2 Nc5 29. Nxc5 Bxc5 30. Nc4 Bxc4 31. bxc4 Qxa4 32. Bxc3 dxc3 0-1

[Event "Mercredi 2018.04.04 ABCD"]
[Site "Montreal CAN"]
[Date "2018.04.18"]
[Round "3"]
[White "Tremblay, Alain"]
[Black "Zheng, Richard"]
[Result "1/2-1/2"]
[WhiteElo "2091"]
[BlackElo "2094"]
[PlyCount "43"]
[EventDate "2018.04.04"]
[EventType "tourn"]
[EventRounds "5"]
[EventCountry "CAN"]

1. c4 e6 2. Nf3 d5 3. g3 c6 4. Bg2 f5 5. O-O Nf6 6. d3 Bd6 7. Nc3 O-O 8. e4 d4
9. e5 dxc3 10. exd6 cxb2 11. Bxb2 Qxd6 12. Qb3 c5 13. d4 Re8 14. Rad1 Nc6 15.
Qb5 a6 16. Qxc5 Qxc5 17. dxc5 e5 18. Nd2 Be6 19. Bxc6 bxc6 20. Bxe5 Ne4 21.
Nxe4 fxe4 22. Rfe1 1/2-1/2

[Event "Mercredi 2018.04.04 ABCD"]
[Site "Montreal CAN"]
[Date "2018.04.25"]
[Round "4"]
[White "Beaulieu, Eric"]
[Black "Lopez Linares, Lizandro"]
[Result "1/2-1/2"]
[WhiteElo "2243"]
[BlackElo "2251"]
[PlyCount "96"]
[EventDate "2018.04.04"]
[EventType "tourn"]
[EventRounds "5"]
[EventCountry "CAN"]

1. d4 d5 2. c4 c6 3. Nf3 Nf6 4. e3 Bg4 5. Nc3 e6 6. h3 Bxf3 7. Qxf3 Bb4 8. Bd2
Bxc3 9. Bxc3 Ne4 10. Rc1 f5 11. cxd5 cxd5 12. Bb5+ Nc6 13. O-O O-O 14. Bxc6
bxc6 15. Bb4 Rf6 16. Rxc6 Qb8 17. Be1 Qxb2 18. a4 Qb7 19. Rc2 Nd6 20. a5 Rb8
21. Rc5 Nc4 22. Qf4 Rf7 23. a6 Qb3 24. Ba5 Rbf8 25. Bc7 Qa4 26. h4 Qxa6 27. Rb1
h6 28. Kh2 Qa2 29. Rb7 Qa4 30. Rcb5 Nd2 31. g3 Qd1 32. Ba5 Ne4 33. Rb1 Qa4 34.
Be1 Qa6 35. Rxf7 Rxf7 36. Kg2 Kh7 37. Qe5 Qc6 38. Rb2 Nf6 39. Qb8 Qc7 40. Qb5
Ne4 41. Ba5 Qd7 42. Qa6 Nd6 43. Bb4 Nc8 44. Bc5 g5 45. hxg5 hxg5 46. Rb8 Nb6
47. Bxb6 axb6 48. Qa8 Rg7 1/2-1/2

[Event "Mercredi 2018.04.04 ABCD"]
[Site "Montreal CAN"]
[Date "2018.04.25"]
[Round "4"]
[White "Beaulieu, Pierre"]
[Black "Jacquet, Stephane"]
[Result "1-0"]
[WhiteElo "1881"]
[BlackElo "1932"]
[PlyCount "103"]
[EventDate "2018.04.04"]
[EventType "tourn"]
[EventRounds "5"]
[EventCountry "CAN"]

1. Nf3 g6 2. e3 Bg7 3. Bc4 Nf6 4. Nc3 O-O 5. Bb3 d6 6. d3 c5 7. Bd2 Nc6 8. Qc1
e5 9. h3 h6 10. e4 Kh7 11. g4 Nd4 12. Nxd4 exd4 13. Ne2 Nd7 14. Nf4 Ne5 15. Qd1
Qh4 16. Ng2 Qf6 17. f4 Nc6 18. O-O Be6 19. f5 gxf5 20. exf5 Bxb3 21. axb3 Ne5
22. h4 Rg8 23. g5 Qd8 24. Qh5 Qd7 25. Rae1 Rh8 26. Rxe5 Bxe5 27. g6+ Kg7 28.
gxf7 Qxf7 29. f6+ Kf8 30. Bxh6+ Ke8 31. Qg5 Kd7 32. Bg7 Rhg8 33. h5 Bxf6 34.
Qf5+ Qe6 35. Bxf6 Qxf5 36. Rxf5 Ke6 37. Rf2 Raf8 38. Bh4 Rxf2 39. Kxf2 Kf5 40.
Be7 Ke6 41. Bh4 Kf5 42. Kf3 a6 43. Bg3 Rd8 44. h6 Kg6 45. Bf4 d5 46. Nh4+ Kh7
47. Kg4 b5 48. Nf3 Rg8+ 49. Kh5 c4 50. Ng5+ Rxg5+ 51. Kxg5 b4 52. Bc7 1-0

[Event "Mercredi 2018.04.04 ABCD"]
[Site "Montreal CAN"]
[Date "2018.04.25"]
[Round "4"]
[White "Guipi Bopala, Prince Eric jr"]
[Black "Charette, Nicolas"]
[Result "1-0"]
[WhiteElo "1857"]
[BlackElo "1833"]
[PlyCount "83"]
[EventDate "2018.04.04"]
[EventType "tourn"]
[EventRounds "5"]
[EventCountry "CAN"]

1. d4 Nf6 2. Nf3 e6 3. e3 c5 4. Bd3 b6 5. b3 Bb7 6. Bb2 d5 7. O-O Be7 8. Ne5
O-O 9. f4 Ne4 10. Qg4 f5 11. Qh3 Nd7 12. Bxe4 dxe4 13. Nxd7 Qxd7 14. Rd1 Qc7
15. dxc5 Qxc5 16. Na3 Bf6 17. Bxf6 Rxf6 18. Nc4 Bd5 19. Ne5 Qxc2 20. Rac1 Qe2
21. Qg3 Raf8 22. Re1 Qd2 23. Rc7 R6f7 24. Rxf7 Rxf7 25. Nxf7 Kxf7 26. Qf2 Qxf2+
27. Kxf2 Ke7 28. h3 a5 29. Rc1 Kd7 30. g4 Bc6 31. gxf5 exf5 32. h4 g6 33. h5
Kd6 34. hxg6 hxg6 35. Kg3 a4 36. Kh4 axb3 37. axb3 Bd5 38. b4 b5 39. Kg5 Bc4
40. Kxg6 Ke6 41. Rc3 Bd5 42. Rc5 1-0

[Event "Mercredi 2018.04.04 ABCD"]
[Site "Montreal CAN"]
[Date "2018.04.25"]
[Round "4"]
[White "Nardone, Raul"]
[Black "Jureidini, Gabriel"]
[Result "1/2-1/2"]
[WhiteElo "1807"]
[BlackElo "1764"]
[PlyCount "108"]
[EventDate "2018.04.04"]
[EventType "tourn"]
[EventRounds "5"]
[EventCountry "CAN"]

1. d4 Nf6 2. Bf4 d6 3. Nc3 Nbd7 4. Nf3 c6 5. e4 Qc7 6. e5 Nh5 7. exd6 exd6 8.
Bg5 Ndf6 9. Bd3 Be7 10. O-O h6 11. Bh4 g5 12. Bg3 Nxg3 13. hxg3 Be6 14. a3 d5
15. Re1 Ng4 16. Qe2 O-O-O 17. Bg6 Bd6 18. Bh5 Nf6 19. Ne5 Rdg8 20. Qf3 g4 21.
Qxf6 Be7 22. Qxh8 Rxh8 23. Nxf7 Bxf7 24. Bxf7 Kb8 25. Bxd5 cxd5 26. Nxd5 Qd7
27. Nxe7 Re8 28. Ng6 Rxe1+ 29. Rxe1 Qxd4 30. Ne5 Qd2 31. Re3 Qxc2 32. b4 Qf5
33. Nd3 Kc7 34. f4 gxf3 35. gxf3 h5 36. Nf2 Qb1+ 37. Kg2 Qb2 38. Rd3 Qe2 39.
Rd5 Qb2 40. Rd3 Qg7 41. f4 Qb2 42. Kf3 Qg7 43. Rd5 Qc3+ 44. Rd3 Qc6+ 45. Ne4
Qg6 46. Nf2 Kc6 47. a4 b6 48. Rc3+ Kd5 49. b5 Qb1 50. Rd3+ Kc4 51. Re3 Kb4 52.
Re4+ Kc3 53. Re3+ Kb4 54. Re4+ Kc3 1/2-1/2